D'aliment en aliment 100 mots - Statistiques

Statistiques générales
  • Ce quiz a été pris 416 fois
  • Le résultat moyen est 24 sur 100
Statistiques - réponses
Indice Aliment % Correct
Fruit Ananas
74%
Produit de la ruche Miel
66%
Poisson en boite Thon
65%
Boisson pétillante Soda
64%
H2O Eau
59%
Laitue... Salade
54%
Beignet de poulet Nugget
52%
Fruit orange Abricot
50%
Fruit utilisé en légume Tomate
48%
Jeune mouton Agneau
45%
Extrait de citron Zeste
45%
Fruit exotique Litchi
44%
Glace légère Sorbet
44%
Chicon Endive
43%
Café à l'irlandaise Irish coffee
42%
Vin, cognac... Alcool
40%
Légume à feuilles Artichaut
40%
Galette de riz fourrée Nem
40%
Oeufs battus Omelette
40%
On en mange la moëlle Os
40%
Sert à faire de l'huile Olive
39%
Boisson du sud Pastis
36%
Fruit sec Noix
35%
Epice couteuse Safran
35%
Café serré Expresso
34%
Crêpe de maïs Tacos
33%
Sauce asiatique Soja
32%
Céréale Riz
31%
Gibier apprécié Sanglier
31%
Salaison pour l'apéro ? Saucisson
31%
Réduction d'eau sucrée Sirop
30%
Feuille aromatique Laurier
29%
Poisson fumé Hareng
28%
Pain indien Naan
28%
Fromage hollandais Edam
27%
Abats de Caen Tripes
27%
Beignet de légume ou de poisson Accra
26%
Légume Navet
26%
Bulbe à cuisiner Oignon
26%
Herbe anisée Aneth
25%
Apéritif Mojito
25%
Boeuf en tranche Steak
25%
Limonade aromatisée Diabolo
24%
Spécialité turque Kebab
23%
Rein comestible Rognon
23%
Fromage Emmental
22%
Poisson noir ? Lieu
22%
Légume de guerre Rutabaga
22%
Crustacé d'eau douce Ecrevisse
21%
Plat de légumes provençal Tian
20%
Pain en forme d'anneau Bagel
19%
Jus de fruit Nectar
19%
Aralia du Japon Udo
19%
Belle pièce de boeuf Entrecôte
18%
Entre deux plats Entremet
18%
Boisson réconfortante Grog
18%
Gâteau au chocolat Opéra
18%
Vin d'Alsace Riesling
18%
Petit poisson mariné Anchois
17%
Tortillas à la mexicaine Enchiladas
17%
Nouilles japonaises Udon
17%
Gélifiant Agar agar
16%
Calmar Encornet
16%
Feuilles à cuire Epinards
16%
Accompagne le plat Sauce
16%
Abat confit Gésier
15%
Pour rafraichir Glaçon
15%
Douceurs orientales Loukoum
15%
Pâtes Nouilles
15%
Pâte de soja Tofu
15%
Tranche de dinde Escalope
14%
Glace Esquimau
13%
Petit bulbe comestible Echalote
12%
Fromage normand Livarot
11%
Préparation d'agneau Navarin
11%
Fruit exotique Noix de coco
11%
Filet Rôti
11%
Fromage odorant Epoisses
10%
Faux poisson Surimi
10%
Boisson chaude Infusion
9%
Fait digérer parait-il... Trou normand
9%
Petits animaux à griller Insectes
8%
Sur la tarte Nappage
8%
Herbe aromatique Estragon
7%
Café instantané Nescafé
7%
Fromage normand Neufchâtel
7%
Jarret de veau Osso buco
7%
Grand poisson Esturgeon
6%
Cocktail Margarita
6%
Fruit Nectarine
6%
Pacane Noix de pécan
6%
Boisson fraiche Thé froid
5%
Légume Igname
4%
Dans l'andouillette Intestin
4%
A consommer blet Nèfle
4%
Fruit Ugli
4%
Gâteau fourré Napolitain
2%
Plat africain Ugali
1%
Prune africaine Ximénia
1%
Plat indien Upma
0%
Aucun quiz correspondant
Distribution des résultats
% des personnes avec chaque résultat
Percentile par nombre de réponses
Votre historique - résultats
Vous n’avez pas pris ce quiz